000 00558nam a22001817a 4500
999 _c6382
_d6382
003 GBCCL
005 20241126110602.0
008 180511b ||||| |||| 00| 0 eng d
040 _cgbc
082 _a289.94
_bCAR
100 _aCarlson, G. Raymond
_d1918 - 1999
_911438
245 _aThe Assemblies of God in Mission /
_cG. Raymond Carlson, [et.al]
260 _aSpringfield:
_bGospel Publishing House,
_c1970
300 _a127 p.;
_c20 cm.
650 _aAssemblies of God
_911439
650 _aEvangelistic work
_xAssemblies of God
_911440
942 _2ddc
_cBK
_01